Jammu and Kashmir Assembly Election 2024/ (Record no. 208967)

MARC details
000 -LEADER
fixed length control field 00647nam a22002057a 4500
005 - DATE AND TIME OF LATEST TRANSACTION
control field 20250212110140.0
010 ## - LCCN (DPL NO)
LC control number ENG-143741
020 ## - INTERNATIONAL STANDARD BOOK NUMBER
Terms of availability 999.00
International Standard Book Number 9788119798285
035 ## - SYSTEM CONTROL NUMBER
System control number EN-127273
037 ## - SOURCE OF ACQUISITION
Source of stock number/acquisition DBAD
082 ## - DEWEY DECIMAL CLASSIFICATION NUMBER
Classification number 320.1509
Edition number 1
100 ## - MAIN ENTRY--PERSONAL NAME
Personal name Om, Hari
245 ## - TITLE STATEMENT
Title Jammu and Kashmir Assembly Election 2024/
Statement of responsibility, etc by Hari Om
250 ## - EDITION STATEMENT
Edition statement 1
260 ## - PUBLICATION, DISTRIBUTION, ETC. (IMPRINT)
Place of publication, distribution, etc New Delhi
Name of publisher, distributor, etc Har-Anand Publications Pvt Ltd
Date of publication, distribution, etc 2024
270 ## - ADDRESS
City New Delhi
Postal code 110020
Address E-49/3, Okhla Industrial Area, Phase II
Electronic mail address info@haranandbooks.com
300 ## - PHYSICAL DESCRIPTION
Extent 262p.
Dimensions 22cm(pb)
700 ## - ADDED ENTRY--PERSONAL NAME
Personal name Om, Hari
Relator term Translator
9 (RLIN) 77463
942 ## - ADDED ENTRY ELEMENTS (KOHA)
Source of classification or shelving scheme Dewey Decimal Classification
Item type English Books
Call number suffix OM
Classification part 320.1509
Holdings
Withdrawn status Lost status Not for loan Collection code Home library Current library Date acquired Source of acquisition Cost, normal purchase price Full call number Barcode Copy number Cost, replacement price Koha item type
      Non-fiction Central Library Central Library 10/02/2025 Delivery of Books Act Division 999.00 OM 320.1509 EN-127273 1 999.00 English Books

© Delhi Public Library
Hit Counter
free hit counter